{"text_format":"3","workbook":"xlsx","n_sheets":1,"sheets":["Planilha1"],"read":"whole","date_system":"1900"}

{"sheet":"Planilha1","index":0,"n_rows":52,"n_cols":8,"rows_kept":52,"merged":[[0,0,0,7],[1,0,1,7],[2,0,2,1],[2,2,2,6],[3,0,3,1],[3,2,3,6],[4,0,4,1],[4,2,4,6],[5,0,5,6]]}
["Secretaria de Infraestrutura e Serviços"]
["Planilha Orçamentária"]
["Pedido:",null,"Manutenção de iluminação pública",{"$nulls":4},"Data"]
["Local:",null,"Município de Amparo",{"$nulls":4},"2022-01-06"]
["Planilhas Base",null,"CDHU 184 e SINAPI",{"$nulls":4},"BDI"]
[{"$nulls":7},{"v":0.25,"d":"25%"}]
["Item","Fonte","Código","Descrição","Unid.","Quant.","Valor Unitário","Total"]
[{"$nulls":6},"Total dos\n Itens",{"v":770887.82,"d":"R$ 770,887.82"}]
[1]
[null,"Lâmpadas",{"$nulls":5},{"v":117675.6,"d":"R$ 117,675.60"}]
[null,"SINAPI","101648","LÂMPADA VAPOR DE SÓDIO 150 W - FORNECIMENTO E INSTALAÇÃO. AF_08/2020","UN",941,{"v":52.9,"d":"R$ 52.90"},{"v":49778.9,"d":"R$ 49,778.90"}]
[null,"SINAPI","101649","LÂMPADA VAPOR DE SÓDIO 250 W - FORNECIMENTO E INSTALAÇÃO. AF_08/2020","UN",802,{"v":60.98,"d":"R$ 60.98"},{"v":48905.96,"d":"R$ 48,905.96"}]
[null,"SINAPI","101650","LÂMPADA VAPOR DE SÓDIO 400 W - FORNECIMENTO E INSTALAÇÃO. AF_08/2020","UN",30,{"v":70.91,"d":"R$ 70.91"},{"v":2127.3,"d":"R$ 2,127.30"}]
[null,"SINAPI","101641","LÂMPADA VAPOR METÁLICO 150 W - FORNECIMENTO E INSTALAÇÃO. AF_08/2020","UN",199,{"v":50.14,"d":"R$ 50.14"},{"v":9977.86,"d":"R$ 9,977.86"}]
[null,"SINAPI","101640","LÂMPADA VAPOR METÁLICO 400 W - FORNECIMENTO E INSTALAÇÃO. AF_08/2020","UN",71,{"v":96.98,"d":"R$ 96.98"},{"v":6885.58,"d":"R$ 6,885.58"}]
[]
[2]
[null,"Reatores",{"$nulls":5},{"v":242308.36,"d":"R$ 242,308.36"}]
[null,"CDHU 184","41.08.230","Reator eletromagnético de alto fator de potência, para lâmpada vapor de sódio 150 W / 220 V","UN",941,{"v":101.51,"d":"R$ 101.51"},{"v":95520.91,"d":"R$ 95,520.91"}]
[null,"CDHU 184","41.08.250","Reator eletromagnético de alto fator de potência, para lâmpada vapor de sódio 250 W / 220 V","UN",802,{"v":139.01,"d":"R$ 139.01"},{"v":111486.02,"d":"R$ 111,486.02"}]
[null,"CDHU 184","41.08.270","Reator eletromagnético de alto fator de potência, para lâmpada vapor de sódio 400 W / 220 V","UN",30,{"v":171.72,"d":"R$ 171.72"},{"v":5151.6,"d":"R$ 5,151.60"}]
[null,"CDHU 184","41.08.440","Reator eletromagnético de alto fator de potência, para lâmpada vapor metálico 150 W / 220 V","UN",199,{"v":104.19,"d":"R$ 104.19"},{"v":20733.81,"d":"R$ 20,733.81"}]
[null,"CDHU 184","41.08.460","Reator eletromagnético de alto fator de potência, para lâmpada vapor metálico 400 W / 220 V","UN",71,{"v":132.62,"d":"R$ 132.62"},{"v":9416.02,"d":"R$ 9,416.02"}]
[]
[3]
[null,"Cabos",{"$nulls":5},{"v":5530.5,"d":"R$ 5,530.50"}]
[null,"CDHU 184","39.21.010","Cabo de cobre flexível de 1,5 mm², isolamento 0,6/1kV - isolação HEPR 90°C","M",600,{"v":2.44,"d":"R$ 2.44"},{"v":1464,"d":"R$ 1,464.00"}]
[null,"CDHU 184","39.21.020","Cabo de cobre flexível de 2,5 mm², isolamento 0,6/1kV - isolação HEPR 90°C","M",150,{"v":3.24,"d":"R$ 3.24"},{"v":486,"d":"R$ 486.00"}]
[null,"CDHU 184","39.21.040","Cabo de cobre flexível de 6 mm², isolamento 0,6/1kV - isolação HEPR 90°C","M",150,{"v":6.29,"d":"R$ 6.29"},{"v":943.5,"d":"R$ 943.50"}]
[null,"CDHU 184","39.21.060","Cabo de cobre flexível de 16 mm², isolamento 0,6/1kV - isolação HEPR 90°C","M",150,{"v":17.58,"d":"R$ 17.58"},{"v":2637,"d":"R$ 2,637.00"}]
[]
[4]
[null,"Diversos",{"$nulls":5},{"v":122592.89,"d":"R$ 122,592.89"}]
[null,"SINAPI","101636","BRAÇO PARA ILUMINAÇÃO PÚBLICA, EM TUBO DE AÇO GALVANIZADO, COMPRIMENTO DE 1,50 M, PARA FIXAÇÃO EM POSTE DE CONCRETO - FORNECIMENTO E INSTALAÇÃO. AF_08/2020","UN",20,{"v":134.32,"d":"R$ 134.32"},{"v":2686.4,"d":"R$ 2,686.40"}]
[null,"SINAPI","101632","RELÉ FOTOELÉTRICO PARA COMANDO DE ILUMINAÇÃO EXTERNA 1000 W - FORNECIMENTO E INSTALAÇÃO. AF_08/2020","UN",1800,{"v":38.08,"d":"R$ 38.08"},{"v":68544,"d":"R$ 68,544.00"}]
[null,"SINAPI","101663","ABRAÇADEIRA DE FIXAÇÃO DE BRAÇOS DE LUMINÁRIAS DE 2\" - FORNECIMENTO E INSTALAÇÃO. AF_08/2020","UN",10,{"v":22.21,"d":"R$ 22.21"},{"v":222.1,"d":"R$ 222.10"}]
[null,"SINAPI","101664","ABRAÇADEIRA DE FIXAÇÃO DE BRAÇOS DE LUMINÁRIAS DE 3\" - FORNECIMENTO E INSTALAÇÃO. AF_08/2020","UN",10,{"v":23.09,"d":"R$ 23.09"},{"v":230.9,"d":"R$ 230.90"}]
[null,"SINAPI","101665","ABRAÇADEIRA DE FIXAÇÃO DE BRAÇOS DE LUMINÁRIAS DE 4\" - FORNECIMENTO E INSTALAÇÃO. AF_08/2020","UN",20,{"v":26.91,"d":"R$ 26.91"},{"v":538.2,"d":"R$ 538.20"}]
[null,"SINAPI","12294","SOQUETE DE PORCELANA BASE E27, PARA USO AO TEMPO, PARA LAMPADAS","UN",21,{"v":15.99,"d":"R$ 15.99"},{"v":335.79,"d":"R$ 335.79"}]
[null,"SINAPI","101651","SUBSTITUIÇÃO DE LÂMPADA PARA ILUMINAÇÃO PÚBLICA (NÃO INCLUI FORNECIMENTO). AF_08/2020","UN",450,{"v":50.78,"d":"R$ 50.78"},{"v":22851,"d":"R$ 22,851.00"}]
[null,"SINAPI","101630","SUBSTITUIÇÃO DE REATOR PARA ILUMINAÇÃO PÚBLICA (NÃO INCLUI FORNECIMENTO). AF_08/2020","UN",450,{"v":60.41,"d":"R$ 60.41"},{"v":27184.5,"d":"R$ 27,184.50"}]
[]
[5]
[null,"Luminárias",{"$nulls":5},{"v":282780.47,"d":"R$ 282,780.47"}]
[null,"SINAPI","101655","LUMINÁRIA DE LED PARA ILUMINAÇÃO PÚBLICA, DE 51 W ATÉ 67 W - FORNECIMENTO E INSTALAÇÃO. ","UN",134,{"v":529.51,"d":"R$ 529.51"},{"v":70954.34,"d":"R$ 70,954.34"}]
[null,"SINAPI","101656","LUMINÁRIA DE LED PARA ILUMINAÇÃO PÚBLICA, DE 68 W ATÉ 97 W - FORNECIMENTO E INSTALAÇÃO. ","UN",107,{"v":579.86,"d":"R$ 579.86"},{"v":62045.02,"d":"R$ 62,045.02"}]
[null,"SINAPI","101657","LUMINÁRIA DE LED PARA ILUMINAÇÃO PÚBLICA, DE 98 W ATÉ 137 W - FORNECIMENTO E INSTALAÇÃO. ","UN",181,{"v":687.11,"d":"R$ 687.11"},{"v":124366.91,"d":"R$ 124,366.91"}]
[null,"SINAPI","101658","LUMINÁRIA DE LED PARA ILUMINAÇÃO PÚBLICA, DE 138 W ATÉ 180 W - FORNECIMENTO E INSTALAÇÃO. ","UN",28,{"v":907.65,"d":"R$ 907.65"},{"v":25414.2,"d":"R$ 25,414.20"}]
[]
[{"$nulls":6},"Total dos\n Itens",{"v":770887.82,"d":"R$ 770,887.82"}]
[{"$nulls":6},"BDI ",{"v":192721.955,"d":"R$ 192,721.96"}]
[{"$nulls":6},"Total geral",{"v":963609.775,"d":"R$ 963,609.78"}]